|
|
|
|
| LEADER |
00000nam a2200000 a 4500 |
| 001 |
vtls001450807 |
| 003 |
SK-MaSNL |
| 005 |
20260301073122.0 |
| 008 |
240318s2002 xo a 000 0 slo |
| 015 |
|
|
|a SNBA2003/10-03835
|
| 020 |
|
|
|a 8085182785
|q (brož.)
|
| 035 |
|
|
|a SNK000406100
|
| 035 |
|
|
|a urn:nbn:sk:snk-amlu9r
|
| 035 |
|
|
|a urn:nbn:sk:snk-am00caux
|
| 035 |
|
|
|a 69554B1B-BBF9-45D5-8504-CC7B079220E5
|
| 040 |
|
|
|a SNK
|b slo
|c SNK
|e AACR2
|
| 041 |
0 |
|
|a slo
|
| 044 |
|
|
|a xo
|c SK
|
| 072 |
|
7 |
|a 659
|x Reklama. Public relations. Médiá
|2 konspekt
|
| 080 |
|
|
|a 659.1
|2 2001
|
| 080 |
|
|
|a (075.8)
|2 2001
|
| 100 |
1 |
|
|a Gavačová, Andrea
|4 aut
|9 393689
|
| 245 |
1 |
0 |
|a Reklama a produkcia televízneho reklamného spotu
|c Andrea Gavačová
|
| 250 |
|
|
|a 1. vyd.
|
| 260 |
|
|
|a V Bratislave
|b Vysoká škola múzických umení
|c 2002
|
| 300 |
|
|
|a 135 s.
|b fotogr., tab.
|c 29 cm
|
| 504 |
|
|
|a Slov.-nem.-angl. slovník. Malý filmový slovník
|
| 650 |
0 |
7 |
|a reklama a propagácia
|2 SNKPH
|9 66573
|
| 650 |
0 |
7 |
|a televízna reklama
|2 SNKPH
|9 393690
|
| 650 |
0 |
7 |
|a Advertising
|2 SNKPHeng
|9 267406
|
| 655 |
|
7 |
|a učebnice vysokých škôl
|2 SNKPH
|9 70191
|
| 655 |
|
7 |
|a Textbooks (higher)
|2 SNKPHeng
|9 276436
|
| 752 |
|
|
|a Slovensko
|d Bratislava
|
| 852 |
|
|
|a Akadémia umení v Banskej Bystrici
|
| 919 |
|
|
|a 80-85182-78-5
|
| 968 |
|
|
|d 65
|
| 999 |
|
|
|c 643175
|d 645105
|
| 952 |
|
|
|t P60, <03>, [BOOK], {603}
|a SNK
|b SNK
|y PREZ
|7 0
|p 17A0377809
|o snkSB 66470
|i snkKSP 3634/2003
|0 0
|1 0
|4 0
|d 2003-03-07
|f 1
|l 0
|r 2025-04-17 00:00:00
|w 2026-02-23
|
| 952 |
|
|
|t P60, <04>, [BOOK], {604}
|a SNK
|b SNK
|y VYP
|7 0
|p 17A0377810
|o snkSB 66470 D1
|i snkKSP 3635/2003
|0 0
|1 0
|4 0
|d 2003-03-07
|l 0
|r 2005-01-02 00:00:00
|w 2026-02-23
|